Stresses in framed structures /

Guardado en:
Autor Principal: Hool, George A.
Otros Autores: Kinne, W. S.
Formato: Libro
Idioma:English
Publicado: New York : McGraw-Hill, 1942.
Etiquetas: Agregar Etiqueta
Sin Etiquetas, Sea el primero en etiquetar este registro!
LEADER 00465nam a22001575a 4500
001 EUN.um036739
003 AR-BaUNS
005 20050623122909.0
008 041125s1942####xxu###########000#0#eng#d
245 1 0 |a Stresses in framed structures /  |c George A. Hool, W. S. Kinne. 
260 |a New York :  |b McGraw-Hill,  |c 1942. 
300 |a 636 p. 
100 1 |a Hool, George A. 
700 1 |a Kinne, W. S. 
082 0 4 |a 624.171 
859 |a Ar-BaUNS  |b BIB. CENTRAL - Sector C  |h 624.171  |i H765a2  |p 1575/961